000 02227nam0a2200349 4500
001 RU\NLR\BIBL_A\022336781
005 20260420015102.0
010 _a978-5-00244-599-8
_9100
021 _aRU
_bКН-П-24-047507
_9КН-П-24-4725
035 _a(NLR Aleph) 022336781
090 _a13665914
_c13665914
100 _a20240930d2024 u y0rusy50 ca
101 0 _arus
102 _aRU
105 _aa j 000yy
181 0 _ai3
_baxxe
182 0 _an
200 1 _aОбязательное медицинское страхование
_eучебное пособие
_eпо специальности "Организация здравоохранения и общественное здоровье"
_fД. В. Зяблицев, Е. И. Беседина, В. Л. Подоляка
_gМинистерство здравоохранения Российской Федерации, Федеральное государственное бюджетное образовательное учреждение высшего образования "Донецкий государственный медицинский университет имени М. Горького" Министерства здравоохранения Российской Федерации
203 _aТекст
_bвизуальный
_cнепосредственный
210 _aДонецк
_c[б. и.]
_aМосква
_cПеро
_d2024
215 _a108 с.
_cил., табл.
_d21
300 _aНа обороте тит. с. авт.: Д. В. Зяблицев, Е. И. Беседина, В. Л. Подоляка [и др.]
320 _aБиблиогр.: с. 76-77 (20 назв.)
606 1 _aСтраховая медицина
_jУчебные издания для повышения квалификации
_91486887
_3RU\NLR\AUTH\66636892
686 1 _aР11(2)к.я77
700 1 _aЗяблицев
_bД. В.
_gДмитрий Владимирович
701 1 _aБеседина
_bЕ. И.
_gЕлена Ивановна
701 1 _aПодоляка
_bВ. Л.
_gВалентина Леонидовна
942 _cBOOK
980 _aNB